header

Queen of the Virgins (Record no. 46869)

MARC details
000 -LEADER
fixed length control field 01529nam a2200361 a 4500
082 04 - DEWEY DECIMAL CLASSIFICATION NUMBER
Classification number 306.4/613
100 1# - MAIN ENTRY--AUTHOR NAME
Personal name Oliver, M. Cynthia.
245 10 - TITLE STATEMENT
Title Queen of the Virgins
260 ## - PUBLICATION, DISTRIBUTION, ETC. (IMPRINT)
Place of publication Jackson :
Name of publisher University Press of Mississippi,
Year of publication c2009.
300 ## - PHYSICAL DESCRIPTION
Number of Pages x, 182 p., [8] p. of plates :
Other physical details ill.
490 1# - SERIES STATEMENT
Series statement Caribbean studies series
650 #0 - SUBJECT ADDED ENTRY--TOPICAL TERM
Topical Term Beauty contests
Topical Term Beauty contestants
Topical Term Women, Black
856 40 - ELECTRONIC LOCATION AND ACCESS
Uniform Resource Identifier http://site.ebrary.com/lib/rucke/Doc?id=10340767

No items available.

© 2026 Rongo University
Contact us: librarian | system librarian | Rongo university